000 00366nam a22001577a 4500
003 MPLRDC
005 20220104123429.0
008 210129b ||||| |||| 00| 0 eng d
082 _a413.916 MSY
100 _a宓世楹译
245 _a图解简易指压
_c
260 _a
_b四季出版公司
_c
300 _b
650 _a指压
942 _cBK
_o413.916 MSY
999 _c11360
_d11350